Videospiele KI Bilder - Abstrakt - Statistiken

Allgemein
  • Dieses Quiz wurde 903 mal gespielt
  • Das Durchschnittsergebnis liegt bei 9 aus 16
Antwortstatistiken
Bildquiz Antwort % Korrekt
Minecraft
96%
Pokémon
95%
Pacman
92%
The Witcher 3: Wild Hunt
87%
Red Dead Redemption 2
85%
God of War
84%
Assassin's Creed
77%
Animal Crossing: New Horizont
75%
Hogwarts Legacy
48%
The Legend of Zelda: Breath of the Wild
47%
Tetris
38%
Grand Theft Auto V
23%
Cyberpunk 2077
18%
FIFA
14%
Fallout 4
11%
PUBG: Battlegrounds
3%
Keine übereinstimmenden Quizze gefunden
Verteilung der Resultate
Anzahl Personen mit jedem Resultat
Perzentil nach korrekt beantworteten Fragen
Ihre Resultats-Entwicklung
Sie haben dieses Quiz noch nicht gespielt